Nuôi dạy con như thế nào

Tallennettuna:
Bibliografiset tiedot
Päätekijä: Spock, B
Aineistotyyppi: Kirja
Julkaistu: Tp. Hồ Chí Minh Phụ nữ 1983
Aiheet:
Tagit: Lisää tagi
Ei tageja, Lisää ensimmäinen tagi!
Thư viện lưu trữ: Trung tâm Học liệu Lê Vũ Hùng, Trường Đại học Đồng Tháp
LEADER 00676pam a22002178a 4500
001 00019569
005 20171026081022.0
008 110507s1983 ||||||Viesd
041 0 # |a Vie 
082 1 4 |a 649  |b N515D 
100 0 # |a Spock, B 
245 0 0 |a Nuôi dạy con như thế nào  |c B.Spock, Nguyễn Thị Nhất 
260 # # |a Tp. Hồ Chí Minh  |b Phụ nữ  |c 1983 
300 # # |a 322 tr.  |c 19 cm. 
653 # # |a Chăm sóc trẻ 
653 # # |a Mẫu giáo 
653 # # |a Nuôi dạy con 
852 # # |b Kho đọc  |j KD.0004734 
852 # # |j KD.0004734 
910 |d 07/05/2011 
980 # # |a Trung tâm Học liệu Lê Vũ Hùng, Trường Đại học Đồng Tháp